مكتبة جامعة عجلون الوطنية

فهرس بحث المكتبة

Normal view MARC view
  • الاتصال-ثقافة التواصل- ثقافة التواصل في الاداب والاعلام والفنون

Entry Topical Term

Number of records used in: 1

001 - CONTROL NUMBER

  • control field: 33577

003 - CONTROL NUMBER IDENTIFIER

  • control field: JO-AjAnu

005 - DATE AND TIME OF LATEST TRANSACTION

  • control field: 20230606075631.0

008 - FIXED-LENGTH DATA ELEMENTS

  • fixed length control field: 230606|| aca||aabn | a|a d

040 ## - CATALOGING SOURCE

  • Original cataloging agency: JO-AjAnu
  • Transcribing agency: JO-AjAnu

150 ## - HEADING--TOPICAL TERM

  • Topical term or geographic name entry element: الاتصال-ثقافة التواصل- ثقافة التواصل في الاداب والاعلام والفنون

670 ## - SOURCE DATA FOUND

  • Source citation: Work cat.: (JO-AjAnu)17249: أبو إصبع ,صالح تحرير/ عبيد الله,محمد تحرير, author 33576, ثقافة التواصل في الآداب والإعلام والفنون:بحوث علمية محكمة